000 005410000a22001810004500
003 MACL
005 20160409151136.0
008 160409b xxu||||| |||| 00| 0 eng d
040 _aMACL
_cMACL
041 _aHindi
082 _a370
100 _aदेवी प्रसाद
_951392
245 _aशिक्षा का वाहन कला
260 _bनेशनल बुक ट्रस्‍ट इंडिया
_c1999
_aदिल्‍ली
350 _a50
650 _aEducation
_951393
942 _cHIN
_k370
_2ddc
999 _c10886
_d10886